American Idol Winners - Statistics

General Stats
  • This quiz has been taken 71 times
    47 since last reset
  • The average score is 8 of 22
Answer Stats
Season Winner % Correct
1 Kelly Clarkson
97%
4 Carrie Underwood
86%
3 Fantasia Barrino
78%
2 Ruben Studdard
70%
6 Jordin Sparks
57%
11 Phillip Phillips
57%
5 Taylor Hicks
57%
10 Scotty McCreery
51%
8 Kris Allen
49%
7 David Cook
46%
9 Lee DeWyze
32%
12 Candice Glover
22%
16 Maddie Poppe
22%
22 Abi Carter
16%
13 Caleb Johnson
16%
21 Iam Tongi
16%
18 Just Sam
14%
15 Trent Harmon
14%
19 Chayce Beckham
11%
17 Laine Hardy
11%
14 Nick Fradiani
8%
20 Noah Thompson
8%
No matching quizzes found
Score Distribution
Percent of People with Each Score
Percentile by Number Answered
Your Score History
You have not taken this quiz since the last reset